Multiples of 5 Quiz - Statistics

General Stats
  • This quiz has been taken 504 times
  • The average score is 25 of 25
Answer Stats
Answer % Correct
10
100%
15
100%
5
100%
20
99%
25
99%
30
99%
35
99%
40
99%
45
99%
50
99%
55
99%
60
99%
65
99%
70
99%
75
99%
80
99%
85
99%
90
99%
95
99%
100
98%
105
98%
110
98%
115
98%
120
98%
125
98%
No matching quizzes found
Score Distribution
Percent of People with Each Score
Percentile by Number Answered
Your Score History
You have not taken this quiz